000 00475nam a2200193Ia 4500
003 GCL
008 140319s9999 xx 000 0 eng d
040 _aGCL /
_cGCL
082 0 4 _a843
_bC S
100 1 _aCHEDID, ANDREE
245 1 0 _aLES SAISONS DE PASSAGE /
_cCHEDID, ANDREE
260 _a[S.N] :
_bFLAMMARION ،
_c1996
300 _a250 P
650 0 4 _aLITERATURE
650 0 4 _aFICTION
650 0 4 _aFRENCH FICTION
650 0 4 _aFRENCH LITERATURE
942 _2ddc
_cBK
999 _c11865
_d11865